| 000 | 01366nam a22002297a 4500 | ||
|---|---|---|---|
| 003 | OSt | ||
| 005 | 20220601152744.0 | ||
| 008 | 180809b xxu||||| |||| 00| 0 eng d | ||
| 020 | _a9781934946893 | ||
| 040 | _cWIUC | ||
| 050 | _aRG525.A26 | ||
| 245 |
_aYour pregnancy and childbirth: month to month. / _cEdited by Bonnie J. Dattel |
||
| 250 | _a5th ed. | ||
| 260 |
_aWashingto, DC : _bAmerican College of Obstetrcians and Gynecologists., _c2010. |
||
| 300 |
_axiv, 467 p. : _bill ; |
||
| 500 | _aIncludes index. | ||
| 505 | _aContents: Months 1 and 2 (Weeks 1-8) -- Month 3 (Weeks 9-12) -- Month 4 (Weeks 13-16) -- Month 5 (Weeks 17-20) -- Month 6 (Weeks 21-24) -- Month 7 (Weeks 25-28) -- Month 8 (Weeks 33-36) -- Term (Weeks 37-40) -- Labor and delivery -- Operative delivery, cesarean delivery, and breech presentation -- The postpartum period -- Nutrition -- feeding your baby -- Having another baby: what to expect -- Multiples: when its twins, triplets, or more -- Hypertension -- Diabetes Mellitus -- Other chronic conditions -- Early pregnancy problems -- Birth defects -- Preterm labor -- Blood type incompatibility -- Placental problems -- Infection -- Growth problems -- Testing to monitor fetal health -- Stillbirth | ||
| 653 | _aWomen's health physicians | ||
| 653 | _aYour pregnancy & birth | ||
| 700 | _qDattel, Bonnie J. | ||
| 942 |
_2lcc _cBK |
||
| 999 |
_c8989 _d16489 |
||